Online
Catalog

Manual práctico para producción audiovisual / (Record no. 10548)

MARC details
000 -CABECERA
campo de control de longitud fija 00813nam a2200253 a 4500
001 - NÚMERO DE CONTROL
campo de control 000010799
005 - FECHA Y HORA DE LA ÚLTIMA TRANSACCIÓN
campo de control 20200929162308.0
008 - DATOS DE LONGITUD FIJA--INFORMACIÓN GENERAL
campo de control de longitud fija 091012s1999 sp a 001 0 spa d
020 ## - NÚMERO INTERNACIONAL ESTÁNDAR DEL LIBRO
Número Internacional Estándar del Libro 8474326842
040 ## - FUENTE DE LA CATALOGACIÓN
Centro catalogador/agencia de origen DO-SdBNP
Lengua de catalogación spa
Centro/agencia transcriptor BNPHU
082 ## - NÚMERO DE LA CLASIFICACIÓN DECIMAL DEWEY
Número de clasificación 371.33
Número de documento/Ítem S613m
049 ## - FONDOS LOCALES (OCLC)
Fondos de biblioteca BNPD
100 1# - ENTRADA PRINCIPAL--NOMBRE DE PERSONA
Nombre de persona Simpson, Robert S.
9 (RLIN) 26089
245 10 - MENCIÓN DE TÍTULO
Título Manual práctico para producción audiovisual /
Mención de responsabilidad, etc. Robert S. Simpson; traducción José A. Álvarez.
260 ## - PUBLICACIÓN, DISTRIBUCIÓN, ETC.
Lugar de publicación, distribución, etc. Barcelona :
Nombre del editor, distribuidor, etc. Gedisa,
Fecha de publicación, distribución, etc. 1999.
300 ## - DESCRIPCIÓN FÍSICA
Extensión 477 p. :
Otras características físicas il ;
Dimensiones 23 cm.
490 1# - MENCIÓN DE SERIE
Mención de serie Gedisa multimedia
500 ## - NOTA GENERAL
Nota general Incluye índice temático
534 ## - NOTA SOBRE LA VERSIÓN ORIGINAL
Encabezamiento principal del original Effective audio - visual
650 #4 - PUNTO DE ACCESO ADICIONAL DE MATERIA--TÉRMINO DE MATERIA
Término de materia o nombre geográfico como elemento de entrada Materiales audiovisual
9 (RLIN) 26090
650 #4 - PUNTO DE ACCESO ADICIONAL DE MATERIA--TÉRMINO DE MATERIA
Término de materia o nombre geográfico como elemento de entrada Enseñanza audiovisual
9 (RLIN) 26091
700 1# - PUNTO DE ACCESO ADICIONAL--NOMBRE DE PERSONA
Nombre de persona Álvarez, José A.
Término indicativo de función/relación trad.
9 (RLIN) 26092
830 #0 - PUNTO DE ACCESO ADICIONAL DE SERIE-TÍTULO UNIFORME
Título uniforme Gedisa multimedia
9 (RLIN) 26093
Holdings
Estado de retiro Estado de pérdida Restricciones de uso No para préstamo Código de colección Localización permanente Ubicación/localización actual Ubicación en estantería Fecha de adquisición Número de inventario Total de préstamos Signatura topográfica completa Código de barras Fecha visto por última vez Precio válido a partir de Tipo de ítem Koha
      Excluido de préstamo Monografías: Libros y Folletos General General En catalogación 12.10.2009 LF1   371.33 S613m 10799-10 25.06.2020 25.06.2020 No se presta

Powered by Koha